|
|
|
|
| LEADER |
00917nam a2200265 4500 |
| 001 |
c000035669 |
| 003 |
CARM |
| 005 |
00000000000000.0 |
| 008 |
710219s1971 nyu b 00100 eng |
| 019 |
1 |
|
|a 217852
|z 45078815
|5 LACONCORD2021
|
| 020 |
|
|
|a 0814725503
|
| 035 |
|
|
|a (OCoLC)121402
|5 LACONCORD2021
|
| 043 |
|
|
|a n-us---
|
| 050 |
0 |
0 |
|a JK1118
|b .F36
|
| 100 |
1 |
|
|a Farkas, Suzanne,
|d 1939-
|
| 245 |
1 |
0 |
|a Urban lobbying; mayors in the Federal arena.
|
| 260 |
|
|
|a New York,
|b New York University Press,
|c 1971.
|
| 300 |
|
|
|a 335 p.
|c 24 cm.
|
| 504 |
|
|
|a Bibliography: p. 307-315.
|
| 650 |
|
0 |
|a Lobbying
|z United States.
|
| 650 |
|
0 |
|a Mayors
|z United States.
|
| 852 |
8 |
|
|b CARM
|h A2:AE10E0
|i C00611
|p 0043951
|f BK
|
| 082 |
0 |
4 |
|a 328.3/8
|
| 999 |
f |
f |
|i ebec8094-40d1-5787-b57f-d179ad2f6147
|s c4b2fcd7-34a7-5a3a-badc-09e518844e7c
|
| 952 |
f |
f |
|p Can circulate
|a CAVAL
|b CAVAL
|c CAVAL
|d CARM 1 Store
|e C00611
|f A2:AE10E0
|h Other scheme
|i book
|m 0043951
|